Top 10 Países con el Mayor Número de Pescadores - Estadísticas

Estadísticas generales
  • Esta prueba ha sido intentada 1.969 veces
  • La puntuación promedio es 6 de 10
Estadísticas de respuestas
Personas País % Correcto
9.17 M China
96%
9.79 M India
90%
2.67 M Indonesia
84%
877 mil Brasil
76%
1.91 M Filipinas
68%
530 mil Vietnam
64%
1.71 M Bangladés
46%
2.98 M Myanmar
39%
1.48 M Nigeria
34%
440 mil R.D. Congo
20%
No se encontraron pruebas coincidentes
Distribución de puntuación
Porcentaje de gente con cada puntuación
Porcentaje por número respondido
Historial de tus puntuaciones
No has intentado esta prueba.